| 000 | 01268nam a22003611c 4500 | ||
|---|---|---|---|
| 001 | 1235676994 | ||
| 003 | DE-101 | ||
| 005 | 20240311141125.0 | ||
| 008 | 210617s2021 gw u||p| ||| 0||||1ger | ||
| 016 | 7 |
_2DE-101 _a1235676994 |
|
| 020 |
_a9783742506627 _9978-3-7425-0662-7 |
||
| 022 | _a0012-1428 | ||
| 035 | _a(DE-599)DNB1235676994 | ||
| 040 |
_a1199 _bger _cRU-10907106 |
||
| 041 | _ager | ||
| 044 | _cXA-DE | ||
| 245 | 0 | 0 |
_aDeutschland Archiv _n2020 _cBundeszentrale für Politische Bildung |
| 264 | 1 |
_aBonn : _bBundeszentrale für Politische Bildung, _c2021 |
|
| 300 |
_a198 Seiten : _bIllustrationen |
||
| 336 |
_2rdacontent _aText _btxt |
||
| 337 |
_2rdamedia _aOhne Hilfsmittel zu benutzen _bn |
||
| 338 |
_2rdacarrier _aBand _bnc |
||
| 490 |
_aBundeszentrale für Politische Bildung: Schriftenreihe _vBand 10662 |
||
| 630 | 7 |
_aDeutschland-Archiv (Zeitschrift) _915570 |
|
| 650 |
_aTransformation _92496 |
||
| 651 | 7 |
_2gnd _aDeutschland |
|
| 655 | 7 |
_aAufsatzsammlung _9210 |
|
| 700 |
_4edt _aLinnekugel, Anja _eHerausgeberIn _959341 |
||
| 700 |
_4edt _aMichel, Dirk _eHerausgeberIn _959342 |
||
| 710 |
_4isb _aBundeszentrale für politische Bildung _eHerausgebendes Organ _9436 |
||
| 942 |
_cMG _2z |
||
| 999 |
_c60889 _d60889 |
||